| 000 | 02772cam a22006014i 4500 | ||
|---|---|---|---|
| 003 | PE-LiUPU | ||
| 005 | 20250731165616.0 | ||
| 008 | 150706s2008 pe a rb 000 0 spa d | ||
| 020 | _a9972384799 | ||
| 020 | _a9789972384790 | ||
| 035 | _a(Sirsi) i9789972384790 | ||
| 040 |
_aPE-LiUPU _bspa _cPE-LiUPU _erda _dPE-LiUPU |
||
| 049 | _aPRUA | ||
| 082 | 0 | 4 |
_a001.422 _bE9 _221 |
| 245 | 0 | 0 |
_aEstadística e investigación / _cGuillermo Gamarra Astuhuamán [y otros tres]. |
| 250 | _aPrimera edición. | ||
| 264 | 1 |
_aLima : _bSan Marcos, _c2008. |
|
| 300 |
_a205 páginas : _bilustraciones ; _c24 centímetros |
||
| 336 |
_atext _2rdacontent |
||
| 337 |
_aunmediated _2rdamedia |
||
| 338 |
_avolume _2rdacarrier |
||
| 504 | _aIncluye bibliografía . | ||
| 505 | 0 | _aIntroducción a la probabilidad -- Población, muestra y estimación -- Introducción a la prueba de hipótesis -- Pruebas estadísticas paramétricas -- Pruebas estadísticas no paramétricas -- Validez, confiabilidad y correlación. | |
| 526 | _aSEG44 | ||
| 526 | _aSEG26 | ||
| 526 | _aP151 | ||
| 526 | _aP150 | ||
| 526 | _aP149 | ||
| 526 | _aP146 | ||
| 526 | _aP145 | ||
| 526 | _aP126 | ||
| 526 | _aP125 | ||
| 526 | _aP92 | ||
| 526 | _aP75 | ||
| 526 | _aP74 | ||
| 526 | _aP27 | ||
| 526 | _aP15 | ||
| 541 | _g001-000062; | ||
| 541 | _g001-000062; | ||
| 541 | _g001-000062; | ||
| 650 | 0 | 4 | _aEstadística para investigadores. |
| 700 | 1 |
_aGamarra Astuhuamán, Guillermo, _eeditor. |
|
| 910 |
_agl _cng _d20131007 |
||
| 942 |
_2ddc _cBOOK |
||
| 949 |
_a001.422 E9 _wDEWEY _c1 _i68534 _lCCODEBUL1 _mBUL _p15.00 _r0 _sY _tBOOK _u2015-7-6 _xFCE _PP04 _o.STAFF. Colección General |
||
| 949 |
_a001.422 E9 _wDEWEY _c2 _i68535 _lCCODEBUL1 _mBUL _p15.00 _r0 _sY _tBOOK _u2015-7-6 _xFCE _PP04 _o.STAFF. Colección General |
||
| 949 |
_a001.422 E9 _wDEWEY _c3 _i68536 _lCCODEBUL1 _mBUL _p15.00 _r0 _sY _tBOOK _u2015-7-6 _xFCE _PP04 _o.STAFF. Colección General |
||
| 994 |
_aC0 _bPEPRU |
||
| 596 | _a1 | ||
| 999 |
_a001.422 E9 _wDEWEY _c55894 _i68534 _d55894 _e2016-10-18 _f2021-11-4 _g2 _lCCODEBUL1 _mBUL _n3 _p15.00 _r0 _sN _tBOOK _u2015-7-6 _xBIBLIOTECA _PP04 _0COMPRA _o.STAFF. Colección General |
||
| 999 |
_a001.422 E9 _wDEWEY _c2 _i68535 _d2018-10-10 _e2018-10-4 _f2021-11-4 _g6 _lCCODEBUL1 _mBUL _n1 _p15.00 _r0 _sY _tBOOK _u2015-7-6 _xBIBLIOTECA _PP04 _0COMPRA _o.STAFF. Colección General |
||
| 999 |
_a001.422 E9 _wDEWEY _c3 _i68536 _d2018-1-10 _e2018-1-7 _f2021-11-4 _g6 _lCCODEBUL1 _mBUL _n5 _p15.00 _r0 _sY _tBOOK _u2015-7-6 _xBIBLIOTECA _PP04 _0COMPRA _o.STAFF. Colección General |
||
| 980 |
_81 _gALBERTO SANCHEZ Responsable de Automatización |
||